LEADER 00970nam0-22003371i-450- 001 990003828550403321 010 $a0-7619-1440-4 035 $a000382855 035 $aFED01000382855 035 $a(Aleph)000382855FED01 035 $a000382855 100 $a20010620d1999----km-y0itay50------ba 101 0 $aeng 105 $ay-------001yy 200 1 $aNeural network$fHervé Abdi, Dominique Valentin, Betty Edelman 210 $aThousand Oaks$cSage$d1999 215 $a89 p.$d22 cm 225 1 $aQuantitative applications in the social sciences$v124 610 0 $aManuali generali di consultazione 610 0 $aReti neurali 676 $a006.32 700 1$aAbdi,$bHervé$0374536 701 1$aEdelman,$bBetty$0118080 701 1$aValentin,$bDominique$0118081 801 0$aIT$bUNINA$gRICA$2UNIMARC 901 $aBK 912 $a990003828550403321 952 $aXXIX-D-119$b8203$fMAS 959 $aMAS 996 $aNeural network$9507557 997 $aUNINA LEADER 01778nam 2200397 450 001 9910707292703321 005 20160524105005.0 035 $a(CKB)5470000002462577 035 $a(OCoLC)950466692 035 $a(EXLCZ)995470000002462577 100 $a20160524d2016 ua 0 101 0 $aeng 135 $aurbn||||a|||| 181 $ctxt$2rdacontent 182 $cc$2rdamedia 183 $acr$2rdacarrier 200 10$aCultural property $eagreement between the United States of America and Italy amending and extending the memorandum of understanding of January 19, 2001, as amended and extended, effected by exchange of notes at Washington January 12, 2016, with attachment 210 1$a[Washington, D.C.] :$cUnited States Department of State,$d[2016?] 215 $a1 online resource (20 unnumbered pages) 225 1 $aTreaties and other international acts series ;$v16-112 300 $aTitle from title screen (viewed on May 24, 2016). 517 3 $aAgreement between the United States of America and Italy amending and extending the memorandum of understanding of January 19, 2001, as amended and extended, effected by exchange of notes at Washington January 12, 2016, with attachment 606 $aCultural property$xProtection$xLaw and legislation$zUnited States 606 $aCultural property$xProtection$xLaw and legislation$zItaly 608 $aTreaties.$2lcgft 615 0$aCultural property$xProtection$xLaw and legislation 615 0$aCultural property$xProtection$xLaw and legislation 712 02$aUnited States.$bDepartment of State, 712 02$aItaly, 712 02$aUnited States, 801 0$bGPO 801 1$bGPO 906 $aBOOK 912 $a9910707292703321 996 $aCultural property$93439492 997 $aUNINA